2024 Formula One Drivers - Statistics

General Stats
  • This quiz has been taken 30,518 times
    7,777 since last reset
  • The average score is 21 of 23
Answer Stats
Team Country Driver % Correct
Mercedes United Kingdom Lewis Hamilton
99%
Ferrari Monaco Charles Leclerc
97%
McLaren United Kingdom Lando Norris
97%
Red Bull Netherlands Max Verstappen
97%
Ferrari Spain Carlos Sainz
96%
Aston Martin Spain Fernando Alonso
96%
McLaren Australia Oscar Piastri
96%
Mercedes United Kingdom George Russell
93%
Aston Martin Canada Lance Stroll
93%
Alpine France Pierre Gasly
93%
Red Bull Mexico Sergio Perez
93%
RB Japan Yuki Tsunoda
93%
Alpine France Esteban Ocon
91%
Haas Germany Nico Hulkenberg
89%
Williams Thailand Alexander Albon
88%
Sauber Finland Valtteri Bottas
87%
RB Australia Daniel Ricciardo
86%
Sauber China Zhou Guanyu
85%
RB New Zealand Liam Lawson
83%
Ferrari United Kingdom Oliver Bearman
81%
Haas Denmark Kevin Magnussen
80%
Williams Argentina Franco Colapinto
76%
Williams United States Logan Sargeant
76%
No matching quizzes found
Score Distribution
Percent of People with Each Score
Percentile by Number Answered
Your Score History
You have not taken this quiz since the last reset